00625nam a22002297a 4500001001000000003000500010005001700015008004100032010001000073011001000083035001000093040000900103082001500112100002700127245004100154260005700195300001100252490002600263650002800289710005200317830002600369000030432CHAP20220329135013.0971013s1966 r 00010 d a29380 a30352 a34464 cCHAP04a595.7bK7600aKrogstad, Blanchard O.10aEcología avanzada de los insectos. aChapingo, Méx. :bColegio de Postgraduados,c1966. a143 p.1 aSerie de apuntesv; 514aEcología de insectos.0 aENA. Colegio de Postgraduados. Chapingo, Méx.0 aSerie de apuntesv; 5